<?xml version="1.0" encoding="UTF-8"?>
<collection xmlns="http://www.loc.gov/MARC21/slim">
 <record>
  <leader>00996cam a2200301 7i4500</leader>
  <controlfield tag="001">0000058342</controlfield>
  <controlfield tag="005">20241121090000.0</controlfield>
  <controlfield tag="007">  Monographs</controlfield>
  <controlfield tag="008">241119        Chinese</controlfield>
  <datafield tag="020" ind1=" " ind2=" ">
   <subfield code="a">9787513256490 (pbk.) </subfield>
  </datafield>
  <datafield tag="040" ind1=" " ind2=" ">
   <subfield code="a">TSAM</subfield>
  </datafield>
  <datafield tag="090" ind1="0" ind2="0">
   <subfield code="a">R222.2 </subfield>
   <subfield code="b">ZHA 2019</subfield>
  </datafield>
  <datafield tag="100" ind1="0" ind2="1">
   <subfield code="a">Zhang Bo-Lin </subfield>
   <subfield code="e">author </subfield>
  </datafield>
  <datafield tag="245" ind1="0" ind2="0">
   <subfield code="a">Selected Readings from the Shanghan Lun (On Cold Damage Wrap  </subfield>
   <subfield code="c">Zhang Bo Li; editor Wang Qing-guo.</subfield>
  </datafield>
  <datafield tag="250" ind1=" " ind2="0">
   <subfield code="a">1st Edition.</subfield>
  </datafield>
  <datafield tag="264" ind1=" " ind2="4">
   <subfield code="a">Beijing: </subfield>
   <subfield code="b">China Traditional Chinese Medicine Press, </subfield>
   <subfield code="c">2019.</subfield>
  </datafield>
  <datafield tag="300" ind1=" " ind2=" ">
   <subfield code="a">210 pages: </subfield>
   <subfield code="b">color; </subfield>
   <subfield code="c">25 cm.</subfield>
  </datafield>
  <datafield tag="336" ind1=" " ind2=" ">
   <subfield code="a">text</subfield>
   <subfield code="2">rdacontent</subfield>
  </datafield>
  <datafield tag="337" ind1=" " ind2=" ">
   <subfield code="a">unmediated</subfield>
   <subfield code="2">rdamedia</subfield>
  </datafield>
  <datafield tag="338" ind1=" " ind2=" ">
   <subfield code="a">volume</subfield>
   <subfield code="2">rdacarrier</subfield>
  </datafield>
  <datafield tag="501" ind1="0" ind2="0">
   <subfield code="a">BTCMI</subfield>
  </datafield>
  <datafield tag="650" ind1="0" ind2="0">
   <subfield code="a">Medical School -- </subfield>
   <subfield code="x">Textbook </subfield>
  </datafield>
  <datafield tag="650" ind1="0" ind2="0">
   <subfield code="a">Chinese traditional Medicine </subfield>
  </datafield>
  <datafield tag="650" ind1="0" ind2="0">
   <subfield code="a">Shang Han Lun -- </subfield>
   <subfield code="x">Chinese Traditonal Medicine </subfield>
  </datafield>
  <datafield tag="650" ind1="0" ind2="0">
   <subfield code="a">Treatise of Febrile Disease caused -- </subfield>
   <subfield code="x">Cold (Shang Han Lun) </subfield>
  </datafield>
  <datafield tag="700" ind1="0" ind2="1">
   <subfield code="a">Zhang Guo-jun </subfield>
  </datafield>
  <datafield tag="700" ind1="1" ind2="1">
   <subfield code="a">Wang Qing-guo </subfield>
  </datafield>
  <datafield tag="856" ind1=" " ind2=" ">
   <subfield code="u">https://www.cptcm.com</subfield>
  </datafield>
 </record>
</collection>
